000 00683nam a2200289Ia 4500
005 20260324120320.0
008 008 260324s9999 xx 000 0 eng d
020 _a9780429069789
037 _aEBOOK
040 _aCRL
040 _beng
040 _cCRL
041 _2eng
041 _aeng
084 _qCRL
100 _aTamalika Chaira
_9972219
245 0 _aMedical Image Processing
245 0 _bAdvanced Fuzzy Set Theoretic Techniques
260 _bTaylor and Francis
260 _c2015
365 _a
365 _b340
856 _uhttp://www.taylorfrancis.com/books/9780429069789
942 _cEBOOK
999 _c1749542
_d1749542